000 00763nas a2200241 4500
001 BR9202427
003 BR-BrBNA
005 20231205092507.0
007 ta
008 230509b bl.|||p| |||| 00| 00por d
040 _aBR-BrBNA
_bpor
_cBiblioteca Nacional de Agricultura
041 _a(Pt)
072 _aL74
100 1 _aXavier, M.F.
245 1 _aCaso raro de hipertrofia da mama (super lactacao)em felino na 3. semana de gravidez
_bObservacao clinica
650 _aGATO
650 _aPRENHEZ
650 _aLACTACAO
650 _aDISTURBIO FISIOLOGICO
773 0 _tRevista Brasileira de Medicina Veterinaria (Brazil)
_xISSN 0100-2430
_g(Jan-Mar 1981), v. 4(1) p. 36-37
_wBR9202427
909 _a202311
_bLúcia
_c55
_dLúcia Elande
942 _2AGRIS
_n0
_cANA
999 _c132130
_d132130